000 00227nam a2200085Ia 4500
245 0 _aGenesis
100 _a Beckett, Bernard, London, 2009 Children's ed
_935914
942 _cBK
008 210817s9999 xx 000 0 und d
999 _c282206
_d282205